Défi Équatorial : Pouvez-vous nommer les pays ? - Statistiques

Statistiques générales
  • Ce quiz a été pris 70 fois
  • Le résultat moyen est 8 sur 13
Statistiques - réponses
Hint Réponse % Correct
Amérique du Sud Brésil
89%
Amérique du Sud Colombie
89%
Amérique du Sud Équateur
88%
Afrique République démocratique du Congo
85%
Afrique République du Congo
85%
Asie Indonésie
74%
Afrique Kenya
65%
Afrique Gabon
59%
Afrique Somalie
52%
Afrique Ouganda
47%
Asie Maldives
39%
Océanie Kiribati
38%
Afrique Sao Tomé-et-Principe
35%
Aucun quiz correspondant
Distribution des résultats
% des personnes avec chaque résultat
Percentile par nombre de réponses
Votre historique - résultats
Vous n’avez pas pris ce quiz